000 00964cam a2200241 4500
001 WB3706-12
008 000000n2001 000 0 eng u
035 _a(Sirsi) u110751
245 _aTargets may overstretch development agencies
260 _c2001
490 _aFinancial Times
_v5 February 2001, 5(1)
520 _aRegional development agencies (RDAs) are encouraged to set ambitious targets so their impact on regional economies can be measured by government. East Midlands Development Agency has set the pace, claiming by 2010 the region will rise from 37th to 20th in the economic league tables for European Union regions, and will have reduced unemployment from 5.1% to 3.7%.
590 _aWB
650 _aREGIONAL DEVELOPMENT AGENCIES
650 _aRDAS
650 _aTARGETS
650 _aRANKINGS
650 _aUNEMPLOYMENT
650 _aPERFORMANCE INDICATORS
650 _aEAST MIDLANDS
690 _aECONOMIC ISSUES
942 _n0
999 _c66014
_d66014